02322nam a2200313 i 4500003000900000005001700009007000300026008004100029020001800070040003000088041000800118082001900126100005000145245009700195264004900292300002500341336002700366337003300393338002800426500005700454520100500511590002701516910001401543942001401557952013601571952014201707952014201849999001701991DO-SdBNP20250827085535.0ta250827t2025 dr 000 0 spa d z9789945656428 aDO-SdBNPbspacBNPHUerda aspa axxxxbM5532221 aMercedes, Natanaeld1973-eautor4aut.98848510aPrincipios bíblicos eternos versus regulaciones bíblicas temporales /cNatanael Mercedes 1aSanto Domingo :bEditorial Santuario,c2025. a94 páginasc23 cm. atextobtxt2rdacontent asin mediaciónbn2rdamedia avolumenbnc2rdacarrier aIncluye datos biográficos del autor en la solapas. aEn un mundo lleno de diversas interpretaciones, doctrinas y aplicaciones de las Escrituras, es fundamental recordar que los principios bíblicos son superiores en jerarquía doctrinal a los capítulos y versículos que componen la Biblia. Aunque las Escrituras contienen instrucciones, leyes y ejemplos específicos —que fueron relevantes en sus respectivos contextos históricos—, los principios que subyacen a esas palabras son universales, eternos y reflejan el carácter inmutable de Dios. Este tema que abordaré, “Principios bíblicos eternos versus regulaciones bíblicas temporales”, pretende desafiar una lectura literalista de las Escrituras y enfatiza la necesidad de comprender los principios eternos de Dios que están detrás de las leyes o mandatos específicos mencionados en los versículos o capítulos. Estos principios no solo nos guían, sino que también deben ser considerados al momento de realizar una correcta interpretación de la palabra de Dios. aInventariado, 2025/ YL aYLockward 2ddccLBS1 00102ddc51708PDaBNPHUbBNPHUcCTd2025-07-07eDepósito Legall0oBNPHU PD xxxx M553p2025-8891r2025-08-27w2025-08-27yLBS1 00102ddc51708PDaBNPHUbBNPHUcCTd2025-07-07eDepósito Legall0oBNPHU PD xxxx M553p2025-8895r2025-08-27te. 2w2025-08-27yLBS1 00102ddc56708DSaBNPHUbBNPHUcCTd2025-07-07eDepósito Legall0oBNPHU DS xxxx M553p2025-8896r2025-08-27te. 3w2025-08-27yLBS1 c59825d59825